Learning and soft computing : support vector machines, neural networks, and fuzzy logic models (Record no. 194014)

MARC details
000 -LEADER
fixed length control field 00553nam a2200169Ia 4500
005 - DATE AND TIME OF LATEST TRANSACTION
control field 20250527102123.0
008 - FIXED-LENGTH DATA ELEMENTS--GENERAL INFORMATION
fixed length control field 231217s9999 xx 000 0 und d
020 ## - INTERNATIONAL STANDARD BOOK NUMBER
International Standard Book Number 9780262112550
082 ## - DEWEY DECIMAL CLASSIFICATION NUMBER
Classification number 006.3 KEC;1 R
100 ## - MAIN ENTRY--PERSONAL NAME
Personal name Kecman, Vojislav.
245 #0 - TITLE STATEMENT
Title Learning and soft computing : support vector machines, neural networks, and fuzzy logic models
260 ## - PUBLICATION, DISTRIBUTION, ETC. (IMPRINT)
Date of publication, distribution, etc. 2001
Name of publisher, distributor, etc. MIT Press
Place of publication, distribution, etc. Cambridge
300 ## - PHYSICAL DESCRIPTION
Extent xxxii, 541
650 ## - SUBJECT ADDED ENTRY--TOPICAL TERM
Topical term or geographic name as entry element soft,computing,vector,machines,,neural,networks,,fuzzy,logic
942 ## - ADDED ENTRY ELEMENTS (KOHA)
Koha item type Books
400 ## - SERIES STATEMENT/ADDED ENTRY--PERSONAL NAME [OBSOLETE, CAN/MARC], [LOCAL, USA]
Personal name Complex adaptive systems
Holdings
Date last seen Total Checkouts Full call number Accession number Old discount Uniform Resource Identifier Cost, replacement price Price effective from Category Lost status Damaged status Department Withdrawn status bill no. bill date Permanent Location Current Location Shelving location Entry date Vendor Cost, normal purchase price Grants Currency symbol Conversion rate Discount Discount type
26/01/2024   006.3 KEC;1 R 82462 25 digital/contents/82462.pdf 3418.73 26/01/2024 Books     Central Library   SIPHO/2012/CRB/1539 23/01/2017 Central Library Central Library Central Library 14/12/2012 Surya Infotainment Products Pvt. Ltd. 79.00 TC/PG USD 57.7 19.75 Rupees

© For any Suggestions or Query, please contact the library staff @ librarian@pes.edu or Phone: +9180 2672 1983/ 2108.